| 000 | 00593nam a2200229Ia 4500 | ||
|---|---|---|---|
| 003 | OSt | ||
| 005 | 20220928130939.0 | ||
| 006 | a|||||r|||| 00| 0 | ||
| 007 | ta | ||
| 008 | 220927b |||||||| |||| 00| 0 eng d | ||
| 024 | _a42592 | ||
| 037 | _cTextual | ||
| 040 |
_aSDCL _cSDCL _beng |
||
| 041 |
_2eng _aeng |
||
| 082 | _aXM5:(Z2)'N9, N1 | ||
| 100 | _aKuchhal M C | ||
| 245 | 0 | _aModern Indian company law | |
| 260 |
_aDelhi _bShree Mahavir Book _c1991 |
||
| 300 |
_axxiii,402p _ccm. |
||
| 942 |
_hXM5:(Z2)'N9, N1 _cTEXL _2CC |
||
| 999 |
_c789142 _d789142 |
||